000 00429nam a22001697a 4500
003 koha_MIRAKIL
005 20231213100015.0
008 231213b |||||||| |||| 00| 0 ||| d
020 _b978-6-05-370240-5
040 _aTR-IsEVY
_btur
_cTR-IsEVY
082 _a808.06831 KAR/K
100 _aKarahisar, Hasan.
245 0 _aKırmızı kar yağınca
260 _bNar Yayınları,
_c2014
300 _a120 s.
942 _2ddc
_cBK
999 _c12994
_d12994